Environmental and natural resource economics

Saved in:
Bibliografiske detaljer
Main Authors: Tietenberg, Tom (Author), Lewis, Lynne (Author)
Format: Bog
Sprog:engelsk
Udgivet: Boston Pearson Addison-Wesley 2009
Udgivelse:8a. ed
Serier:The Addison-Wesley Series in Economics
Fag:
Tags: Tilføj Tag
Ingen Tags, Vær først til at tagge denne postø!

MARC

LEADER 00000nam a2200000 a 4500
001 UCI9706
003 CL-VaPUC
008 081204e20090000US |||||||||||||||||eng|d
020 |a 9780321485717 
082 0 4 |a 333.7  |b TIE  |2 21 
100 0 |a Tietenberg, Tom  |e author  |9 533602 
700 0 |a Lewis, Lynne  |e author  |9 533603 
245 1 0 |a Environmental and natural resource economics 
250 |a 8a. ed 
300 |a 660 p 
942 |c BK 
945 |d 20081204 00:00:00  |a rbrito 
260 |a Boston  |b Pearson Addison-Wesley  |c 2009 
650 0 |a Protección del medio ambiente  |9 257626 
650 7 |a POLITICA MEDIO AMBIENTAL  |2 CL-VaPUC  |9 533604 
650 0 |a Recursos naturales  |9 255232 
650 0 |a Medio ambiente  |9 257625 
583 |a last modification  |c 20150327 10:38:16  |k Rodrigo Vera 
490 0 |a The Addison-Wesley Series in Economics 
999 |c 332188  |d 332186 
952 |0 0  |1 0  |4 0  |6 333_700000000000000_TIE_2009  |7 0  |8 CCM  |9 419628  |a BIBCUR  |b BIBCUR  |d 2019-11-22  |i 4503155  |o 333.7 TIE 2009  |p 4503155  |r 2025-04-22  |w 2019-11-22  |y BK  |k CIM 
952 |0 0  |1 0  |4 0  |6 333_700000000000000_TIE_2009  |7 0  |8 CCM  |9 419629  |a BIBCUR  |b BIBCUR  |d 2019-11-22  |i 4507959  |o 333.7 TIE 2009  |p 4507959  |r 2025-04-22  |w 2019-11-22  |y BK  |k CIM